Normal view MARC view

Entry Personal Name

Number of records used in: 2

001 - CONTROL NUMBER

  • control field: 17353

003 - CONTROL NUMBER IDENTIFIER

  • control field: OSt

005 - DATE AND TIME OF LATEST TRANSACTION

  • control field: 20230215094659.0

008 - FIXED-LENGTH DATA ELEMENTS

  • fixed length control field: 230215|| aca||aabn | a|a d

040 ## - CATALOGING SOURCE

  • Original cataloging agency: OSt
  • Transcribing agency: OSt

100 ## - HEADING--PERSONAL NAME

  • Personal name: ဆေကိန္ဒ၊ အရှင်၊ ဓမ္မဒူတ

670 ## - SOURCE DATA FOUND

  • Source citation: Work cat.: (OSt): ဆေကိန္ဒ၊ အရှင်၊ ဓမ္မဒူတ, မကြောက်တော့ဘူးတရားတော်နှင့်မိဘနှစ်ပါးတိုး၏သိကောင်းစရာအကြောင်းအရာများ=Won't be afraid any more by Dhammaduta Sayadaw Ashin Say Keinda and also brief a

Library - 09407999929
Admin Office - 09407999979
Dean Office - 09250910768
Registrar Office - 09892297154
Email - [email protected]
Shan State Buddhist University, Phaya Phyu Taunggyi, Shan State, Myanmar.